Tabuľky prierezových veličín. : Zvárané profily. Únosnosť oceľových stĺpov.
Na minha lista:
| Main Authors: | , |
|---|---|
| Formato: | Livro |
| Idioma: | eslovaco |
| Publicado em: |
Bratislava :
Alfa,
1972
|
| Edição: | 1.vyd. |
| Tags: |
Sem tags, seja o primeiro a adicionar uma tag!
|
MARC
| LEADER | 00000nam a22000003a 4500 | ||
|---|---|---|---|
| 001 | stu270051 | ||
| 005 | 20150617230249.0 | ||
| 008 | 130703s--------cs------------------slo-d | ||
| 040 | |a STU |b slo | ||
| 041 | 0 | |a slo | |
| 044 | |a cs | ||
| 080 | |a 65.015.24 | ||
| 080 | |a 624.013.2 | ||
| 100 | 1 | |a Liška, Ladislav |4 aut | |
| 245 | 1 | |a Tabuľky prierezových veličín. : |b Zvárané profily. Únosnosť oceľových stĺpov. | |
| 250 | |a 1.vyd. | ||
| 260 | |a Bratislava : |b Alfa, |c 1972 | ||
| 300 | |a 139 s | ||
| 700 | 1 | |a Šlampa, Peter |4 aut | |
| 996 | |b 284V035185 |c V*7968/O-936 |l VVS |s A |a 24 |w stu270051_0001 | ||
| 996 | |b 284V035184 |c V*7969/O-936a |l VVS |s A |a 24 |w stu270051_0002 | ||